<?xml version="1.0" encoding="UTF-8"?>
<marc:record xmlns:marc="http://www.loc.gov/MARC21/slim">
   <marc:leader>00000nam a2200000 a 4500</marc:leader>
   <marc:datafield ind1="1" ind2=" " tag="100">
      <marc:subfield code="a">Schetar, Daniela</marc:subfield>
      <marc:subfield code="4">aut</marc:subfield>
      <marc:subfield code="e">Verfasser/-in</marc:subfield>
   </marc:datafield>
   <marc:datafield ind1="1" ind2=" " tag="100">
      <marc:subfield code="a">Köthe, Friedrich</marc:subfield>
      <marc:subfield code="4">aut</marc:subfield>
      <marc:subfield code="e">Verfasser/-in</marc:subfield>
   </marc:datafield>
   <marc:datafield ind1=" " ind2=" " tag="653">
      <marc:subfield code="a">Softcover / Reiseführer/Europa</marc:subfield>
   </marc:datafield>
   <marc:datafield ind1=" " ind2=" " tag="653">
      <marc:subfield code="a">Führer</marc:subfield>
   </marc:datafield>
   <marc:datafield ind1="0" ind2="0" tag="245">
      <marc:subfield code="a">Bulgarien</marc:subfield>
   </marc:datafield>
   <marc:datafield ind1="0" ind2="0" tag="245">
      <marc:subfield code="b">Handbuch für individuelles Entdecken ; das komplette Handbuch für Reise, Freizeit und Kultur in allen Regionen Bulgariens</marc:subfield>
   </marc:datafield>
   <marc:datafield ind1="0" ind2="0" tag="245">
      <marc:subfield code="c">Daniela Schetar ; Friedrich Köthe</marc:subfield>
   </marc:datafield>
   <marc:datafield ind1=" " ind2="1" tag="264">
      <marc:subfield code="a">Bielefeld</marc:subfield>
      <marc:subfield code="b">Reise-Know-How-Verl. Rump</marc:subfield>
      <marc:subfield code="c">2009</marc:subfield>
   </marc:datafield>
   <marc:datafield ind1="1" ind2=" " tag="490">
      <marc:subfield code="a">Reise-Know-how</marc:subfield>
   </marc:datafield>
   <marc:datafield ind1=" " ind2=" " tag="250">
      <marc:subfield code="a">1. Aufl.</marc:subfield>
   </marc:datafield>
   <marc:datafield ind1="1" ind2=" " tag="520">
      <marc:subfield code="a">Angaben aus der Verlagsmeldung

Bulgarien / von Daniela Schetar

Immer mehr Besucher wollen Bulgarien auch abseits der Strände kennenlernen, denn das Land bietet alles Kultur und Natur, Aktivitäten und Relaxen, Sonne, Meer und Liegestuhl, schroffe Berge, grüne Hügel und idyllische Täler. Es ist das Land, das den rauen Spartakus hervorgebracht hat, aber auch Orpheus und seine betörenden Gesänge. Felsen türmen sich auf 3000 m Höhe und locken Wanderer und Bergsteiger, an Lagunen und Seen brüten die seltensten Vögel, in den Wäldern brummen Bären und heulen Wölfe. Die Städte sind herausgeputzt, in den Straßen flanieren stolze, zuversichtliche Menschen.
Dieses Buch ist ein Leitfaden für einen Badeurlaub und Entdeckungen am Schwarzen Meer, für eine Reise zwischen Donau und Balkan, in die Bergwelten von Rila, Pirin und Rhodopen und in die quirligen Städte und Dörfer am Schnittpunkt von Orient und Okzident. Sie finden darin alles, was für die Planung der Reise und die Fahrt mitten in das Herz des Landes und an die Highlights der Küste hilfreich ist, wo Sie Unterkunft finden, wo die beste Küche serviert wird und wie man sich am besten fortbewegt.
</marc:subfield>
   </marc:datafield>
   <marc:datafield ind1=" " ind2=" " tag="020">
      <marc:subfield code="a">9783831717910</marc:subfield>
      <marc:subfield code="9">9783831717910</marc:subfield>
   </marc:datafield>
   <marc:datafield ind1=" " ind2=" " tag="041">
      <marc:subfield code="a">ger</marc:subfield>
   </marc:datafield>
   <marc:datafield ind1=" " ind2=" " tag="300">
      <marc:subfield code="a">492, XXXV S.</marc:subfield>
   </marc:datafield>
</marc:record>
